01489nam a2200337Ia 4500001001200000003000800012006001900020007001500039008004100054020002500095020002200120040002100142035002100163050002500184100003100209245012600240246005200366260012800418300001700546504006600563533015200629650002900781651003900810651003900849651003700888651003700925655002900962710001700991856012601008999001701134ebr10231651CaPaEBRm u cr cn|||||||||070713s2007 enk sb 001 0 eng d z9781845115043 (hbk.) z184511504X (hbk.) aCaPaEBRcCaPaEBR a(OCoLC)23398493514aDF787.T9bK47 2007eb1 aKer-Lindsay, James,d1972-10aCrisis and conciliationh[electronic resource] :ba year of rapprochement between Greece and Turkey /cJames Ker-Lindsay.30aYear of rapprochement between Greece and Turkey aLondon ;aNew York :bI. B. Tauris ;aNew York :bIn the United States of America distributed by Palgrave Macmillan,c2007. axiii, 168 p. aIncludes bibliographical references (p. [153]-162) and index. aElectronic reproduction.bPalo Alto, Calif. :cebrary,d2009.nAvailable via World Wide Web.nAccess may be limited to ebrary affiliated libraries. 0aInternational relations. 0aGreecexForeign relationszTurkey. 0aTurkeyxForeign relationszGreece. 0aGreecexForeign relationsy1974- 0aTurkeyxForeign relationsy1980- 7aElectronic books.2local2 aebrary, Inc.40uhttp://site.ebrary.com/lib/rucke/Doc?id=10231651zAn electronic book accessible through the World Wide Web; click to view c25682d25682